Performance of new Hevea clones in the SIAL series (first selection) at Una, BA, Brazil (Record no. 64748)

MARC details
000 -LEADER
fixed length control field 00456nam a2200157Ia 4500
100 ## - MAIN ENTRY--AUTHOR NAME
Personal name Marques J R B
245 #0 - TITLE STATEMENT
Title Performance of new Hevea clones in the SIAL series (first selection) at Una, BA, Brazil
260 ## - PUBLICATION, DISTRIBUTION, ETC. (IMPRINT)
Name of publisher Pesquisa Agropecuaria Brasileira
Year of publication 1990
300 ## - PHYSICAL DESCRIPTION
Number of Pages 971-981
500 ## - GENERAL NOTE
General note Source Year: 1992
650 ## - SUBJECT ADDED ENTRY--TOPICAL TERM
Topical Term Hevea clones
700 ## - ADDED ENTRY--PERSONAL NAME
Personal name Goncalves P De S
856 ## - ELECTRONIC LOCATION AND ACCESS
Uniform Resource Identifier PBA
942 ## - ADDED ENTRY ELEMENTS (KOHA)
Koha item type Journals
Holdings
Withdrawn status Lost status Damaged status Not for loan Home library Current library Shelving location Date acquired Serial Enumeration / chronology Koha item type
      Journals RRII Library RRII Library Botany 17/12/2021 Volume 25, Issue 7 Journals